Program podporujúci rozhodovanie pri refinancovaní úverov na bývanie počas fixácie produktu diplomová práca

Gespeichert in:
Bibliographische Detailangaben
1. Verfasser: Pivoluska, Tomáš
Körperschaft: Fakulta hospodárskej informatiky EU. Katedra matematiky a aktuárstva
Weitere Verfasser: Strešňáková, Anna, 1976-
Format: Buch
Sprache:Slowakisch
Veröffentlicht: Bratislava 2023
Tags: Tag hinzufügen
Keine Tags, Fügen Sie das erste Tag hinzu!

MARC

LEADER 00000nbm a2200000 4500
001 0294167
005 20240229130903.9
041 0 |a slo 
044 |a SK 
245 1 0 |a Program podporujúci rozhodovanie pri refinancovaní úverov na bývanie počas fixácie produktu  |b diplomová práca  |c Tomáš Pivoluska ; školiteľ: Anna Strešňáková 
264 1 |a Bratislava  |c 2023 
300 |a 73 s. 
100 1 |a Pivoluska, Tomáš 
700 1 |a Strešňáková, Anna, 1976- 
710 2 |a Fakulta hospodárskej informatiky EU. Katedra matematiky a aktuárstva